Neues handbuch theologischer grundbegriffe

Saved in:
Bibliografiske detaljer
Hovedforfatter: Eicher, Peter (Author)
Format: Bog
Sprog:tysk
Udgivet: Múnich Kösel 1991
Udgivelse:1a. ed
Fag:
Tags: Tilføj Tag
Ingen Tags, Vær først til at tagge denne postø!

MARC

LEADER 00000cam a2200000 a 4500
001 UCE6816
003 CL-VaPUC
008 150507e19910000gw |||||||||||||||||ger|d
020 |a 3466203384v.1 
020 |a 3466203392v.2 
020 |a 3466203406v.3 
020 |a 3466203414v.4 
020 |a 3466203422v.5 
082 0 4 |a 220.3  |b EIC  |2 21 
100 0 |a Eicher, Peter  |e author  |9 579424 
245 1 0 |a Neues handbuch theologischer grundbegriffe 
250 |a 1a. ed 
300 |a v 
942 |c BK 
945 |d 20150507 00:22:00  |a arojas 
260 |a Múnich  |b Kösel  |c 1991 
500 |a v.1: A-E 
500 |a v.2: E-I 
500 |a v.3:J-N 
500 |a v.4: N-S 
500 |a v.5: S-Z 
650 0 |a Teología cristiana  |9 308336 
650 0 |a Cristianismo  |9 257361 
650 0 |a Diccionarios  |9 256200 
650 0 |a Catolicismo  |9 258690 
583 |a last modification  |c 20150507 00:22:00  |k Rodrigo Vera 
999 |c 358996  |d 358994 
952 |0 0  |1 0  |3 erb  |4 0  |6 220_300000000000000_EIC_1991  |7 0  |8 A  |9 467979  |a BIBTEO  |b BIBTEO  |e Casale Rolle, Carlos Ignacio, -2014  |h v.1  |i 5172713  |o 220.3 EIC 1991  |p 5172713  |r 2025-01-17  |w 2019-11-23  |y BK  |z Catalogado en:20150507  |k ICR 
952 |0 0  |1 0  |3 erb  |4 0  |6 220_300000000000000_EIC_1991  |7 0  |8 A  |9 467980  |a BIBTEO  |b BIBTEO  |e Casale Rolle, Carlos Ignacio, -2014  |h v.2  |i 5172942  |o 220.3 EIC 1991  |p 5172942  |r 2025-01-17  |w 2019-11-23  |y BK  |z Catalogado en:20150507  |k ICR 
952 |0 0  |1 0  |3 erb  |4 0  |6 220_300000000000000_EIC_1991  |7 0  |8 A  |9 467981  |a BIBTEO  |b BIBTEO  |e Casale Rolle, Carlos Ignacio, -2014  |h v.3  |i 5173450  |o 220.3 EIC 1991  |p 5173450  |r 2025-01-17  |w 2019-11-23  |y BK  |z Catalogado en:20150507  |k ICR 
952 |0 0  |1 0  |3 erb  |4 0  |6 220_300000000000000_EIC_1991  |7 0  |8 A  |9 467982  |a BIBTEO  |b BIBTEO  |e Casale Rolle, Carlos Ignacio, -2014  |h v.4  |i 5172721  |o 220.3 EIC 1991  |p 5172721  |r 2025-01-17  |w 2019-11-23  |y BK  |z Catalogado en:20150507  |k ICR 
952 |0 0  |1 0  |3 erb  |4 0  |6 220_300000000000000_EIC_1991  |7 0  |8 A  |9 467983  |a BIBTEO  |b BIBTEO  |e Casale Rolle, Carlos Ignacio, -2014  |h v.5  |i 517290K  |o 220.3 EIC 1991  |p 517290K  |r 2025-01-17  |w 2019-11-23  |y BK  |z Catalogado en:20150507  |k ICR